<?xml version="1.0" encoding="UTF-8"?>
<record
    xmlns:xsi="http://www.w3.org/2001/XMLSchema-instance"
    xsi:schemaLocation="http://www.loc.gov/MARC21/slim http://www.loc.gov/standards/marcxml/schema/MARC21slim.xsd"
    xmlns="http://www.loc.gov/MARC21/slim">

  <leader>01964nam a2200265   4500</leader>
  <controlfield tag="001">33645</controlfield>
  <controlfield tag="003">BD-RjUL</controlfield>
  <controlfield tag="005">20211209052034.0</controlfield>
  <controlfield tag="008">140510s1973    ohu           000 0 eng</controlfield>
  <datafield tag="020" ind1=" " ind2=" ">
    <subfield code="a">067509044X</subfield>
  </datafield>
  <datafield tag="035" ind1=" " ind2=" ">
    <subfield code="a">(BD-RjUL)33736</subfield>
  </datafield>
  <datafield tag="040" ind1=" " ind2=" ">
    <subfield code="a">DLC</subfield>
    <subfield code="c">DLC</subfield>
    <subfield code="d">DLC</subfield>
    <subfield code="d">OCoLC</subfield>
    <subfield code="d">BD-RjUL</subfield>
    <subfield code="b">eng</subfield>
  </datafield>
  <datafield tag="041" ind1=" " ind2=" ">
    <subfield code="a">eng</subfield>
  </datafield>
  <datafield tag="082" ind1="0" ind2="0">
    <subfield code="a">301.08</subfield>
    <subfield code="b">SOC 1973</subfield>
  </datafield>
  <datafield tag="245" ind1="0" ind2="0">
    <subfield code="a">Sociological perspectives :</subfield>
    <subfield code="c">Edited by Paul E. Mott [and others]</subfield>
    <subfield code="b">understanding human society /</subfield>
  </datafield>
  <datafield tag="260" ind1=" " ind2=" ">
    <subfield code="a">Columbus, Ohio :</subfield>
    <subfield code="b">C. E. Merrill Pub. Co.,</subfield>
    <subfield code="c">c1973.</subfield>
  </datafield>
  <datafield tag="300" ind1=" " ind2=" ">
    <subfield code="a">xi, 205 p. ;</subfield>
    <subfield code="c">23 cm.</subfield>
  </datafield>
  <datafield tag="490" ind1="0" ind2=" ">
    <subfield code="a">Merrill sociology series</subfield>
  </datafield>
  <datafield tag="505" ind1="0" ind2=" ">
    <subfield code="a">The crisis society: U.S. National Commission on the Causes and Prevention of Violence. Violence in America. O'Donnell, J. A., and Ball, J. C. Narcotic addiction. Mumford, L. Living conditions in ancient Rome.--Sociological perspectives: Olsen, M. E. Levels of analysis in sociology. Mills, C. W. Sociology and history. Sudnow, D. Normal crimes; sociological features of the penal code in a public defender office. Newcomb, T. M. Attitude development as a function of reference groups; the Bennington study. Bettelheim, B. Individual and mass behavior in extreme situations. Horton, J. Order and conflict theories of social problems as competing ideologies.--Symbols, culture, and socialization: White, L. The symbol. Davis, K. Final note on a case of extreme isolation. Merrill, F. The self and the other; an emerging field of social problems. Hoebel, A. E. The nature of culture. Brewer, J. M. Ghetto children know what they're talking about. Miner, H. Body ritual among the Nacirema.--The organization of people: Whyte, W. F. The social structure of the restaurant. Riesman, D. Some observations on the limits of totalitarian power. Fritz, C. E. Disasters compared in six American communities.</subfield>
  </datafield>
  <datafield tag="650" ind1=" " ind2="0">
    <subfield code="a">Sociology.</subfield>
    <subfield code="9">102149</subfield>
  </datafield>
  <datafield tag="700" ind1="1" ind2=" ">
    <subfield code="a">Mott, Paul E.,</subfield>
    <subfield code="e">ed.</subfield>
    <subfield code="9">102150</subfield>
  </datafield>
  <datafield tag="942" ind1=" " ind2=" ">
    <subfield code="2">ddc</subfield>
    <subfield code="c">BK</subfield>
  </datafield>
  <datafield tag="999" ind1=" " ind2=" ">
    <subfield code="c">33645</subfield>
    <subfield code="d">33645</subfield>
  </datafield>
  <datafield tag="952" ind1=" " ind2=" ">
    <subfield code="0">0</subfield>
    <subfield code="1">0</subfield>
    <subfield code="2">ddc</subfield>
    <subfield code="4">0</subfield>
    <subfield code="7">1</subfield>
    <subfield code="8">NFIC</subfield>
    <subfield code="a">RUCL</subfield>
    <subfield code="b">RUCL</subfield>
    <subfield code="c">Reading</subfield>
    <subfield code="d">1985-09-05</subfield>
    <subfield code="e">Asia Fundation Gift</subfield>
    <subfield code="g">0.00</subfield>
    <subfield code="l">0</subfield>
    <subfield code="o">301.08 SOC 1973</subfield>
    <subfield code="r">2014-05-10 00:00:00</subfield>
    <subfield code="t">C-1</subfield>
    <subfield code="w">2014-05-10</subfield>
    <subfield code="y">BK</subfield>
  </datafield>
</record>
